000 02467nam0a2200469 4500
001 RU\NLR\BIBL_A\022508314
005 20260420042249.0
010 _a978-5-901053-92-8
021 _aRU
_bКН-П-25-006357
_9КН-П-25-0627
035 _a(NLR Aleph) 022508314
090 _a13671333
_c13671333
100 _a20250401d2021 u y0rusy50 ca
101 0 _arus
102 _aRU
105 _aach z 000zy
181 0 _ai3
_baxxe
181 0 _ab2
_bxb2e
182 0 _an
200 1 _aРусская тройка от А до Я
_eвыставочный проект "Русская тройка", 29.10.2021 - 14.02.2022, выставочные залы Сытного двора на территории "Коломенское"
_e[буклет
_fсоставитель Наталья Полонникова
_gРисунки: Фатали Талыбов]
203 _aТекст
_aИзображение
_bвизуальные
_cнепосредственные
210 _aМосква
_c[б. и.]
_d2021
215 _a63 с.
_cил., цв. ил., портр., цв. портр., факс.
_d24
320 _aБиблиогр.: с. 61-63
601 0 2 _a"Коломенское", музей-заповедник
_cМосква, город
_xВыставки
_z2021 - 2022
_92667640
_3RU\NLR\AUTH\6601755667
606 1 _aИзобразительное искусство русское
_xВыставки
_yМосква, город
_z2021 - 2022
_92504656
_3RU\NLR\AUTH\6601700569
606 1 _aКоневодство
_xИстория
_yРоссия
_92249525
_3RU\NLR\AUTH\661349395
606 1 _aГужевой транспорт
_xИстория
_yРоссия
_9968090
_3RU\NLR\AUTH\66362669
606 1 _aБыт и нравы
_xИстория
_yРоссия
_92371063
_3RU\NLR\AUTH\661415256
686 1 _aЩ101.3(2Р)-2Москва2"Коломенское", музей-заповедник л62
686 1 _aЩ103(2Р=Рус)л62
686 1 _aП611(28)г.я6
686 1 _aО391г(2)я6
686 1 _aТ3(2)0-75я6
686 1 _aУ37(28)35я6
702 1 _aПолонникова
_bН. В.
_gНаталья Васильевна
702 1 _aТалыбов
_bФ.
_gФатали
_4040
711 1 2 _a"Русская тройка", выставочный проект
_eМосква
_f2021-2022
_92658354
_3RU\NLR\AUTH\880625986
942 _cBOOK
980 _aNB